Statistics for Geographical Treasure Hunt #1

Click here to take the quiz!

General Stats

  • This quiz has been taken 74 times
  • The average score is 8 of 16

Answer Stats

Hint Answer % Correct
*******AAAHNVHavana
79%
*******AANTUUVVanuatu
75%
*******CMOOORSComoros
72%
*******BILNOSLisbon
68%
*******AEGGIORGeorgia
66%
*******AEINOSTEstonia
60%
*******AEEGLNSSenegal
57%
*******AEGPRUPrague
57%
*******EHLOOSTLesotho
47%
*******ABDEEGLRBelgrade
42%
*******ADEILNRIreland
42%
*******AAHIKNSSKinshasa
42%
*******ACDIIMNODominica
40%
*******ADHIRYRiyadh
40%
*******GIKNNOSTWKingstown
38%
*******AAGINOSTSantiago
19%

Score Distribution

Percentile by Number Answered

Percent of People with Each Score

Your Score History

You have not taken this quiz